| 000 | 00604nam a22001697a 4500 | ||
|---|---|---|---|
| 008 | 150826b xxu||||| |||| 00| 0 eng d | ||
| 050 | _aBV4460.7.C543 2009 | ||
| 100 |
_aChitando, Ezra _918721 |
||
| 245 |
_aTroubled but not destroyed _bafrican theology in dialogue with HIV and AIDS _cEzra Chitando |
||
| 260 |
_aGeneva _bWorld Council of Churches _c2009 |
||
| 300 |
_a184p. ; _c21cm. |
||
| 440 |
_aEhaia series _918718 |
||
| 650 |
_aAIDS (Disease) _xPatients, Counselling of _918724 |
||
| 650 |
_aHIV _xPatients, Counseling of _918725 |
||
| 650 |
_aChurch work with sick _918720 |
||
| 942 |
_2lcc _cMONOGRAPH |
||
| 999 |
_c123089 _d123089 |
||